000 01078cad a22002055a 4500
001 L156419
008 120518s2012 xxk f 000 0 eng d
035 _a(Sirsi) u156419
041 0 _aeng
110 2 _aUnited Kingdom
_bDepartment for Environment, Food and Rural Affairs
245 0 0 _aImprovements to the policy and legal framework for public rights of way
_ba public consultation
_h[electronic resource]
260 _aDEFRA
_bLondon
_c2012
520 _aConsultation seeks views on a proposed package of changes to the processes for recording, diverting and extinguishing public rights of way. These plans are expected to cut the time taken to record a right of way by several years and make it easier for walkers, horse riders and cyclists to protect unrecorded rights of way. The consultation closes on 6 August 2012.
590 _aKA NTK
651 4 _aEngland
_y886-
690 _aLand use
_96251
690 _aEnvironment
_96238
856 4 0 _uhttps://www.defra.gov.uk/consult/files/crow-consult-doc-120116.pdf
_zView the consulation at www.defra.gov.uk
942 _n0
999 _c114246
_d114246